Statistiken für Serien Logos erkennen

Klicken Sie hier um das Quiz zu spielen!

Allgemein

  • Dieses Quiz wurde 2.398 mal gespielt
  • Das Durchschnittsergebnis liegt bei 8 aus 20

Antwortstatistiken

Antwort% Korrekt
Friends
95%
Stranger Things
92%
Riverdale
75%
Game of Thrones
74%
Dark
60%
Haus des Geldes
55%
Lost
55%
Loki
53%
Black Mirror
46%
Gilmore Girls
41%
Dexter
32%
Narcos
31%
Community
23%
Arcane
22%
American Horror Story
21%
House of Cards
18%
Orange is the new Black
18%
The Witcher
14%
Secret Invasion
3%
Fleabag
2%

Verteilung der Resultate

Perzentil nach korrekt beantworteten Fragen

Anzahl Personen mit jedem Resultat

Ihre Resultats-Entwicklung

Sie haben dieses Quiz noch nicht gespielt